Регионална библиотека "Любен Каравелов" - Русе

Ехокардиография в детската възраст (Запис номер 56442)

MARC детайли
000 -Лидер
Контролно поле с фиксирана дължина nam a22 a 4500
003 - Код на организацията, давaща контролен номер
Контролно поле BLK
005 - Дата и час на последна редакция
Контролно поле 20230329115943.0
008 - Елементи от данни с фиксирана дължина
fixed length control field 180408b bul|||||r ||||||| ||bul||
010 ## - Наследен системен номер
LC control number KNG00060423000
020 ## - Международен стандартен номер на книга ISBN
Международен стандартен номер на книга ISBN 954-420-101-7
040 ## - Източник на каталожния запис
Идентификатор на билиотеката - собственик на записа BLK
041 ## - Код за език
Код за езика на текст/звукозапис или на отделно заглавие Български
Код за езика КДБФ Български
080 ## - УДК
Текстов определител УДК Сърдечни болести - ревмокардит, пороци на сърцето, капково сърце, кардиоптоза(висящо сърце), хипертрофия на сърцето, перикардит и др.
УДК код - определител по УДК 616.12
УДК определител -073.97-53.2
УДК - код + определител 616.12-073.97-53.2
100 1# - Редна дума - Автор
Автор Велковски, Иван
Авторска отговорност първи автор
R(LIN) 286877
139 ## - Редно поле
Редна дума Велковски, Иван и др.
245 10 - Сведения за заглавието
Заглавие Ехокардиография в детската възраст
Подзаглавни данни Моногр.
Редно поле (дума) Иван Велковски; съавт. Никола Арнаудов; ред. Дария Величкова.
257 ## - Страна на издаване
Страна на създаване/издаване България
260 ## - Област на издателските данни
Място на издаване, разпространение и проч. София
Име на издателя, разпространителя и проч. Медицина и физкултура
Година на издаване 1992
300 ## - Физическа характеристика
Страници 207 с.
Размери/Мащаб 24 см
380 ## - Жанр
Жанр Медицина
700 1# - Други автори (авторска отговорност)
Лично име Арнаудов, Никола
Автороска отговорност (Описва отношението между автора и произведението) съавт.
9 (RLIN) 286878
700 1# - Други автори (авторска отговорност)
Лично име Величкова, Дария
Автороска отговорност (Описва отношението между автора и произведението) ред.
9 (RLIN) 286879
852 ## - Местоположение
Форматна сигнатура Цб 171642
Фондова буква Хранилище
856 4# - Електронен адрес и достъп
Електронен формат pdf - файл
Инструкция (цена за достъп) 0.00
Права за достъп disable
856 4# - Електронен адрес и достъп
Електронен формат pdf - файл
Инструкция (цена за достъп) 0.00
Права за достъп disable
999 ## - СИСТЕМНИ КОНТРОЛНИ НОМЕРА
Koha biblionumber 56442
Koha biblioitemnumber 56442
942 ## - АРТИКУЛИ
Вид на библиотечния материал Книги
Скрит в OPAC Не
Периодичен библиозапис Да
944 ## - СЪЗДАВАНЕ И РЕДАКЦИЯ на ЗАПИСА
Създаване/Редакция Създаване
Дата на регистрацията/редакция 13.06.2004
Служител, извършил регистрацията/редакцията Читалня
944 ## - СЪЗДАВАНЕ И РЕДАКЦИЯ на ЗАПИСА
Създаване/Редакция Редакция
Дата на регистрацията/редакция 26.08.2016
Служител, извършил регистрацията/редакцията Нора_Радева
999 ## - СИСТЕМНИ КОНТРОЛНИ НОМЕРА
Koha biblioitemnumber 56442
Наличности
Код за отписване Код за изгубен артикул Източник на класификационната схема Код за повреда Коз за рестрикции Код за отдаване Артикулен № Име на библиотеката - собственик Име на библиотеката, в която се намира в момента Статус (Текущо местоположение) Дата на вписване в системата Местоположение - отдел Цена в лева Инвентарен номер Систематично азбучна сигнатура Баркод Номер на екземпляра Цена в евро Служебна бележка Служебен тип на артикула
  Не е изгубен Universal Decimal Classification Не е повреден без рестрикции ползва се в читалня 89558 Регионална библиотека "Любен Каравелов" Русе Регионална библиотека "Любен Каравелов" Русе Читалня 1993-01-01 Читалня 3.49 578419 Ч 616.1/.4/В43И 120000578419 1 1.78 Дата инв: 20.03.2017 Бележки инв: Ч2017 Книги
  Не е изгубен Universal Decimal Classification Не е повреден без рестрикции ползва се в читалня 89559 Регионална библиотека "Любен Каравелов" Русе Регионална библиотека "Любен Каравелов" Русе Хранилище 1992-01-01 Хранилище 3.49 576735 Цб 171642 120000576735 2 1.78 Дост: Dp Вид: Д N: сф Дата: 01.01.1992 Книги
Vip Innovations Ltd, Rousse, Bulgaria 2025